Digitálny marketing vo vybranej spoločnosti diplomová práca

Saved in:
Bibliographic Details
Main Author: Gallo, Martin
Corporate Author: Obchodná fakulta EU. Katedra marketingu
Other Authors: Matušovičová, Monika, 1967-
Format: Book
Language:Slovak
Published: Bratislava 2019
Tags: Add Tag
No Tags, Be the first to tag this record!

MARC

LEADER 00000nbm a2200000 4500
001 0254028
005 20190704134138.6
041 0 |a slo 
044 |a SK 
245 1 0 |a Digitálny marketing vo vybranej spoločnosti  |b diplomová práca  |c Martin Gallo ; školiteľ: Monika Matušovičová 
264 1 |a Bratislava  |c 2019 
300 |a 74 s. 
100 1 |a Gallo, Martin 
700 1 |a Matušovičová, Monika, 1967- 
710 2 |a Obchodná fakulta EU. Katedra marketingu